000 00692nam a2200277Ia 4500
005 20260324120353.0
008 008 260324s9999 xx 000 0 eng d
020 _a9780429103551
037 _aEBOOK
040 _aCRL
040 _beng
040 _cCRL
041 _2eng
041 _aeng
084 _qCRL
100 _aJiujun Zhang; David P. Wilkinson; Jianhua Fang; Jinli Qiao
_91158293
245 0 _aElectrochemical Polymer Electrolyte Membranes
260 _bTaylor and Francis
260 _c2015
365 _a
365 _b560
856 _uhttp://www.taylorfrancis.com/books/9780429103551
942 _cEBOOK
999 _c1749797
_d1749797